[Event "2023 US National Elementary K-6 Championship"]
[Site "Baltimore, Maryland, United States"]
[Date "2023.05.12"]
[Round "1.14"]
[White "Wang, Kyle"]
[Black "Mordani, Aadit"]
[Result "1-0"]
[TimeControl "G/90; d10"]
[WhiteElo "1992"]
[BlackElo "1389"]

1. e4 {[%clk 01:30:00]} c6 {[%clk 01:30:00]} {[%emt 00:00:08]} 2. d4 {[%clk
01:30:00]} {[%emt 00:00:06]} d5 {[%clk 01:30:00]} {[%emt 00:00:04]} 3. exd5
{[%emt 00:00:11]} cxd5 {[%clk 01:30:00]} {[%emt 00:00:08]} 4. Bd3 {[%clk
01:29:59]} {[%emt 00:00:11]} Nc6 {[%clk 01:30:00]} {[%emt 00:00:08]} 5. c3
{[%clk 01:29:59]} {[%emt 00:00:05]} Qc7 {[%clk 01:30:00]} {[%emt 00:00:07]} 6.
h3 {[%clk 01:29:13]} {[%emt 00:00:55]} g6 {[%clk 01:29:42]} {[%emt 00:00:29]} 7.
Nf3 {[%clk 01:29:07]} {[%emt 00:00:16]} Bf5 {[%clk 01:29:28]} {[%emt 00:00:23]}
8. Bxf5 {[%clk 01:28:37]} {[%emt 00:00:39]} gxf5 {[%clk 01:29:28]} {[%emt
00:00:07]} 9. Bg5 {[%clk 01:27:23]} {[%emt 00:01:22]} e6 {[%clk 01:28:31]}
{[%emt 00:01:10]} 10. Nbd2 {[%clk 01:26:23]} {[%emt 00:01:10]} Be7 {[%clk
01:27:56]} {[%emt 00:00:45]} 11. Bxe7 {[%clk 01:26:01]} {[%emt 00:00:32]} Ngxe7
{[%clk 01:27:47]} {[%emt 00:00:18]} 12. Qe2 {[%clk 01:22:59]} {[%emt 00:03:12]}
Rg8 {[%clk 01:21:20]} {[%emt 00:06:38]} 13. g3 {[%clk 01:12:59]} {[%emt
00:10:11]} Ng6 {[%clk 01:12:02]} {[%emt 00:09:28]} 14. h4 {[%clk 01:06:19]}
{[%emt 00:06:49]} f4 {[%clk 00:54:25]} {[%emt 00:17:46]} 15. g4 {[%clk
01:02:30]} {[%emt 00:03:59]} Nge7 {[%clk 00:48:58]} {[%emt 00:05:38]} 16. g5
{[%clk 00:56:28]} {[%emt 00:06:11]} a6 {[%clk 00:38:50]} {[%emt 00:10:19]} 17.
Ne5 {[%clk 00:48:27]} {[%emt 00:08:11]} Nxe5 {[%clk 00:35:10]} {[%emt
00:03:50]} 18. Qxe5 {[%clk 00:46:55]} {[%emt 00:01:42]} Qxe5+ {[%clk 00:32:44]}
{[%emt 00:02:37]} 19. dxe5 {[%clk 00:46:55]} {[%emt 00:00:02]} Ng6 {[%clk
00:28:28]} {[%emt 00:04:25]} 20. Nf3 {[%clk 00:46:33]} {[%emt 00:00:31]} Rc8
{[%clk 00:27:11]} {[%emt 00:01:29]} 21. O-O-O {[%clk 00:43:59]} {[%emt
00:02:43]} b5 {[%clk 00:21:49]} {[%emt 00:05:33]} 22. Rd4 {[%clk 00:43:11]}
{[%emt 00:00:57]} Rc4 {[%clk 00:19:37]} {[%emt 00:02:22]} 23. Rg1 {[%clk
00:40:15]} {[%emt 00:03:04]} Kd7 {[%clk 00:17:23]} {[%emt 00:02:27]} 24. h5
{[%clk 00:32:58]} {[%emt 00:07:27]} Rxd4 {[%clk 00:15:47]} {[%emt 00:01:46]} 25.
cxd4 {[%clk 00:32:50]} {[%emt 00:00:17]} Rc8+ {[%clk 00:15:07]} {[%emt
00:00:49]} 26. Kb1 {[%clk 00:29:37]} {[%emt 00:03:21]} Ne7 {[%clk 00:14:30]}
{[%emt 00:00:49]} 27. Rg4 {[%clk 00:29:33]} {[%emt 00:00:13]} Rc4 {[%clk
00:10:42]} {[%emt 00:03:55]} 28. Rxf4 {[%clk 00:29:33]} {[%emt 00:00:11]} Nf5
{[%clk 00:10:24]} {[%emt 00:00:28]} 29. h6 {[%clk 00:23:37]} {[%emt 00:06:06]}
Ke7 {[%clk 00:08:29]} {[%emt 00:02:05]} 30. b3 {[%clk 00:07:55]} {[%emt
00:15:52]} Rc7 {[%clk 00:06:56]} {[%emt 00:01:42]} 31. Kb2 {[%clk 00:06:56]}
{[%emt 00:01:10]} b4 {[%clk 00:06:01]} {[%emt 00:01:05]} 32. Nh4 {[%clk
00:06:47]} {[%emt 00:00:16]} Nxh4 {[%clk 00:05:41]} {[%emt 00:00:32]} 33. Rxh4
{[%clk 00:06:47]} {[%emt 00:00:02]} Rc3 {[%clk 00:05:12]} {[%emt 00:00:39]} 34.
Rf4 {[%clk 00:06:09]} {[%emt 00:00:47]} a5 {[%clk 00:04:50]} {[%emt 00:00:33]}
35. a3 {[%clk 00:05:47]} {[%emt 00:00:31]} Rc8 {[%clk 00:04:33]} {[%emt
00:00:27]} 36. axb4 {[%clk 00:05:45]} {[%emt 00:00:12]} axb4 {[%clk 00:04:33]}
{[%emt 00:00:02]} 37. Rf3 {[%clk 00:05:40]} {[%emt 00:00:14]} Rg8 {[%clk
00:04:20]} {[%emt 00:00:23]} 38. Rg3 {[%clk 00:05:40]} {[%emt 00:00:02]} Ke8
{[%clk 00:04:19]} {[%emt 00:00:11]} 39. Rg1 {[%clk 00:05:38]} {[%emt 00:00:11]}
Ke7 {[%clk 00:04:19]} {[%emt 00:00:09]} 40. f4 {[%clk 00:05:38]} {[%emt
00:00:09]} Kd7 {[%clk 00:04:19]} {[%emt 00:00:08]} 41. Ra1 {[%clk 00:05:38]}
{[%emt 00:00:09]} Kc6 {[%clk 00:04:19]} {[%emt 00:00:09]} 42. Ra7 {[%clk
00:05:26]} {[%emt 00:00:21]} Rf8 {[%clk 00:04:19]} {[%emt 00:00:04]} 43. Kc2
{[%clk 00:05:17]} {[%emt 00:00:18]} Kb6 {[%clk 00:04:19]} {[%emt 00:00:05]} 44.
Re7 {[%clk 00:05:15]} {[%emt 00:00:10]} Rc8+ {[%clk 00:04:19]} {[%emt
00:00:08]} 45. Kd2 {[%clk 00:05:06]} {[%emt 00:00:19]} Rf8 {[%clk 00:04:19]}
{[%emt 00:00:02]} 46. Ke2 {[%clk 00:05:06]} {[%emt 00:00:09]} Kc6 {[%clk
00:04:19]} {[%emt 00:00:03]} 47. Kf3 {[%clk 00:05:04]} {[%emt 00:00:12]} Kb6
{[%clk 00:04:19]} {[%emt 00:00:05]} 48. Kg4 {[%clk 00:05:04]} {[%emt 00:00:06]}
Kc6 {[%clk 00:04:19]} {[%emt 00:00:05]} 49. f5 {[%clk 00:05:04]} {[%emt
00:00:09]} exf5+ {[%clk 00:04:09]} {[%emt 00:00:20]} 50. Kxf5 {[%clk 00:05:04]}
{[%emt 00:00:02]} Ra8 {[%clk 00:03:13]} {[%emt 00:01:06]} 51. Rxf7 {[%clk
00:05:04]} {[%emt 00:00:08]} Ra3 {[%clk 00:03:06]} {[%emt 00:00:06]} 52. Rxh7
{[%clk 00:04:59]} {[%emt 00:00:26]} Rxb3 {[%clk 00:03:06]} {[%emt 00:00:05]} 53.
Ra7 {[%clk 00:04:55]} {[%emt 00:00:14]} Rd3 {[%clk 00:03:06]} {[%emt 00:00:03]}
54. h7 {[%clk 00:04:46]} {[%emt 00:00:19]} Rh3 {[%clk 00:03:06]} {[%emt
00:00:08]} 55. g6 {[%clk 00:04:46]} {[%emt 00:00:09]} b3 {[%clk 00:03:06]}
{[%emt 00:00:10]} 56. Ra1 {[%clk 00:04:46]} {[%emt 00:00:07]} b2 {[%clk
00:03:06]} {[%emt 00:00:03]} 57. Rb1 {[%clk 00:04:46]} {[%emt 00:00:05]} Rf3+
{[%clk 00:03:06]} {[%emt 00:00:03]} 58. Kg4 {[%clk 00:04:46]} {[%emt 00:00:08]}
Rb3 {[%clk 00:03:06]} {[%emt 00:00:02]} 59. h8=Q {[%clk 00:04:46]} {[%emt
00:00:10]} Kb5 {[%emt 00:00:04]} 60. Qb8+ {[%clk 00:04:42]} {[%emt 00:00:11]}
Kc4 {[%clk 00:03:06]} {[%emt 00:00:02]} 61. Qxb3+ {[%clk 00:04:37]} {[%emt
00:00:16]} Kxb3 {[%clk 00:03:06]} {[%emt 00:00:03]} 62. g7 {[%clk 00:04:37]}
{[%emt 00:00:10]} Kc2 {[%clk 00:03:06]} 63. Rxb2+ {[%clk 00:04:37]} {[%emt
00:00:06]} Kxb2 {[%clk 00:03:06]} {[%emt 00:00:04]} 64. g8=Q {[%clk 00:04:37]}
{[%emt 00:00:07]} Kc3 {[%clk 00:03:06]} {[%emt 00:00:01]} 65. e6 {[%clk
00:04:37]} {[%emt 00:00:08]} Kxd4 {[%clk 00:03:06]} {[%emt 00:00:01]} 66. e7
{[%clk 00:04:37]} {[%emt 00:00:06]} Kc3 {[%clk 00:03:06]} {[%emt 00:00:01]} 67.
e8=Q {[%clk 00:04:37]} {[%emt 00:00:05]} d4 {[%clk 00:03:06]} 68. Qc6+ {[%clk
00:04:33]} {[%emt 00:00:14]} Kd2 {[%clk 00:03:06]} {[%emt 00:00:02]} 69. Qgc4
{[%clk 00:04:33]} {[%emt 00:00:07]} d3 {[%clk 00:03:06]} {[%emt 00:00:02]} 70.
Qg2+ {[%clk 00:04:33]} {[%emt 00:00:06]} Ke3 {[%clk 00:03:06]} {[%emt
00:00:05]} 71. Qce4# {[%clk 00:04:33]} {[%emt 00:00:06]} 1-0

[Event "2023 US National Elementary K-6 Championship"]
[Site "Baltimore, Maryland, United States"]
[Date "2023.05.12"]
[Round "1.1"]
[White "Yan, Nathan"]
[Black "Soll, Alexander"]
[Result "1-0"]
[TimeControl "G/90; d10"]
[WhiteElo "2213"]
[BlackElo "1457"]

1. e4 {[%clk 01:30:00]} {[%emt 00:00:11]} c5 {[%clk 01:30:00]} {[%emt
00:00:27]} 2. Nf3 {[%clk 01:29:58]} d6 {[%clk 01:29:54]} {[%emt 00:00:14]} 3.
d4 {[%clk 01:29:57]} {[%emt 00:00:09]} cxd4 {[%clk 01:29:51]} {[%emt 00:00:20]}
4. Nxd4 {[%clk 01:29:57]} Nf6 {[%clk 01:29:34]} {[%emt 00:00:25]} 5. Nc3 {[%clk
01:29:57]} {[%emt 00:00:14]} g6 {[%clk 01:29:27]} {[%emt 00:00:09]} 6. Be3
{[%clk 01:29:57]} {[%emt 00:00:07]} Bg7 {[%clk 01:29:24]} {[%emt 00:00:38]} 7.
f3 {[%clk 01:29:57]} O-O {[%clk 01:29:19]} 8. Qd2 {[%clk 01:29:57]} {[%emt
00:00:03]} Re8 {[%clk 01:28:28]} {[%emt 00:00:53]} 9. O-O-O {[%clk 01:29:18]}
{[%emt 00:00:49]} a6 {[%clk 01:25:19]} {[%emt 00:03:22]} 10. h4 {[%clk
01:29:03]} {[%emt 00:00:23]} h5 {[%clk 01:24:01]} {[%emt 00:01:29]} 11. Kb1
{[%clk 01:28:56]} {[%emt 00:00:15]} b5 {[%clk 01:23:09]} {[%emt 00:01:11]} 12.
Be2 {[%clk 01:27:06]} {[%emt 00:01:50]} b4 {[%clk 01:21:17]} {[%emt 00:02:03]}
13. Nd5 {[%clk 01:26:45]} {[%emt 00:00:33]} Nxd5 {[%clk 01:17:56]} {[%emt
00:03:40]} 14. exd5 {[%clk 01:26:06]} {[%emt 00:01:00]} a5 {[%clk 01:15:29]}
{[%emt 00:02:12]} 15. g4 {[%clk 01:25:24]} {[%emt 00:01:02]} hxg4 {[%clk
01:11:39]} {[%emt 00:03:52]} 16. h5 {[%clk 01:24:42]} {[%emt 00:00:53]} gxh5
{[%clk 01:08:29]} {[%emt 00:03:21]} 17. Rxh5 {[%clk 01:24:22]} {[%emt
00:00:38]} gxf3 {[%clk 01:08:19]} {[%emt 00:00:10]} 18. Bh6 {[%clk 01:23:30]}
{[%emt 00:01:03]} e5 {[%clk 00:36:08]} {[%emt 00:32:23]} 19. Rg1 {[%clk
01:23:17]} {[%emt 00:00:23]} Kf8 {[%clk 00:34:43]} {[%emt 00:01:33]} 20. Bxg7+
{[%clk 01:22:57]} {[%emt 00:00:31]} Ke7 {[%clk 00:34:32]} {[%emt 00:00:23]} 21.
Bf6+ {[%clk 01:22:57]} {[%emt 00:00:03]} Kd7 {[%clk 00:33:56]} {[%emt
00:00:39]} 22. Bb5+ {[%clk 01:22:57]} {[%emt 00:00:36]} Kc7 {[%clk 00:33:13]}
{[%emt 00:00:23]} 23. Bxd8+ {[%clk 01:22:57]} {[%emt 00:00:20]} Rxd8 {[%clk
00:33:07]} {[%emt 00:00:03]} 24. Nxf3 {[%clk 01:22:57]} Ba6 {[%clk 00:31:42]}
{[%emt 00:01:31]} 25. Bxa6 {[%clk 01:22:57]} {[%emt 00:00:36]} Nxa6 {[%clk
00:31:38]} {[%emt 00:00:06]} 26. Rg7 {[%clk 01:22:57]} Kc8 {[%clk 00:30:55]}
{[%emt 00:00:42]} 27. Qd3 {[%clk 01:22:57]} Nc5 {[%clk 00:30:07]} {[%emt
00:00:53]} 28. Qb5 {[%clk 01:22:55]} {[%emt 00:00:22]} Nb7 {[%clk 00:29:36]}
{[%emt 00:00:28]} 29. Qc6+ {[%clk 01:22:55]} {[%emt 00:00:10]} Kb8 {[%clk
00:29:23]} {[%emt 00:00:14]} 30. Rxf7 {[%clk 01:22:55]} {[%emt 00:00:08]} Nc5
{[%clk 00:28:43]} {[%emt 00:00:49]} 31. Qc7# {[%clk 01:22:55]} {[%emt
00:00:05]} 1-0